Relación del viaje hecho por Felipe II en 1585 a Zaragoza, Barcelona y Valencia / (Record no. 45303)

MARC details
000 -LEADER
campo de control de longitud fija 01016nam a2200241 i 4500
001 - NÚMERO DE CONTROL
campo de control 45303
003 - IDENTIFICADOR DE NÚMERO DE CONTROL
campo de control ES-MaACL
005 - FECHA Y HORA DE LA ÚLTIMA TRANSACCIÓN
campo de control 20250905141118.0
007 - CAMPO FIJO DE DESCRIPCIÓN FÍSICA--INFORMACIÓN GENERAL
campo de control de longitud fija t|
008 - DATOS DE LONGITUD FIJA--INFORMACIÓN GENERAL
campo de control de longitud fija 030325s1876 sp ||||1| spa d
100 1# - ENTRADA PRINCIPAL--NOMBRE DE PERSONA
Nombre de persona Cock, Hendrik.
9 (RLIN) 39404
245 10 - MENCIÓN DEL TÍTULO
Título Relación del viaje hecho por Felipe II en 1585 a Zaragoza, Barcelona y Valencia /
Mención de responsabilidad, etc. escrita por Hendrik Cock ; y publicada por Alfred Morel-Fatio y Antonio Rodríguez Villa.
260 ## - PUBLICACIÓN, DISTRIBUCIÓN, ETC.
Lugar de publicación, distribución, etc. Madrid :
Nombre del editor, distribuidor, etc. Aribau y Cª,
Fecha de publicación, distribución, etc. 1876.
300 ## - DESCRIPCIÓN FÍSICA
Extensión XVII, 314 p. ;
Dimensiones 24 cm.
600 07 - PUNTO DE ACCESO ADICIONAL DE MATERIA--NOMBRE DE PERSONA
Nombre de persona Felipe
Numeración II,
Títulos y otros términos asociados al nombre Rey de España-
Subdivisión general Viajes
Fuente del encabezamiento o término
9 (RLIN) 160902
651 #4 - PUNTO DE ACCESO ADICIONAL DE MATERIA--NOMBRE GEOGRÁFICO
Nombre geográfico Zaragoza (Provincia)-
Subdivisión general Descripción-
Subdivisión de forma Obras anteriores a 1800.
9 (RLIN) 160903
651 #4 - PUNTO DE ACCESO ADICIONAL DE MATERIA--NOMBRE GEOGRÁFICO
Nombre geográfico Barcelona (Provincia)-
Subdivisión general Descripción-
Subdivisión de forma Obras anteriores a 1800.
9 (RLIN) 160904
651 #4 - PUNTO DE ACCESO ADICIONAL DE MATERIA--NOMBRE GEOGRÁFICO
Nombre geográfico Valencia (Provincia)-
Subdivisión general Descripción-
Subdivisión de forma Obras anteriores a 1800.
9 (RLIN) 160905
700 1# - ENTRADA AGREGADA--NOMBRE PERSONAL
Nombre de persona Morel-Fatio, Alfred.
9 (RLIN) 83243
700 1# - ENTRADA AGREGADA--NOMBRE PERSONAL
Nombre de persona Rodríguez Villa, Antonio,
Fechas asociadas al nombre 1843-1912
9 (RLIN) 98860
852 ## - LOCALIZACIÓN
Ubicación ES-MaACL
Número de control de estantería B-4841
Holdings
Estatus retirado Estado de pérdida Estado de daño No para préstamo Colección Biblioteca de origen Biblioteca actual Ubicación en estantería Fecha de adquisición Fuente de adquisición Total de préstamos Signatura topográfica completa Código de barras Visto por última vez Precio de reemplazo Tipo de ítem Koha
        Libros del s. XIX Biblioteca del Ateneo de Madrid Biblioteca del Ateneo de Madrid Sala Pardo Bazán 17/01/2008     B-4841 1047669 23/02/2023 23/02/2023 Libro impreso antiguo